Paesi che condividono queste regioni #2 - Statistics

Statistiche generali
  • Questo quiz è stato fatto 157 volte
  • Il punteggio medio è 18 su 22
Statistiche sulle risposte
Regione condivisa Paese % Corretto
Lapponia Finlandia
99%
Lapponia Norvegia
98%
Lapponia Russia
98%
Manciuria Russia
98%
Lapponia Svezia
98%
Irlanda Regno Unito
97%
Irlanda Irlanda
92%
Manciuria Cina
90%
Terra del Fuoco Cile
84%
Terra del Fuoco Argentina
83%
Tracia Grecia
82%
Punjab India
80%
Tracia Turchia
80%
Borneo Indonesia
78%
Borneo Malesia
76%
Punjab Pakistan
74%
Tracia Bulgaria
71%
Borneo Brunei
66%
Pomerania Germania
66%
Pomerania Polonia
66%
Brabante Paesi Bassi
38%
Brabante Belgio
37%
Nessun quiz corrispondente trovato
Distribuzione punteggi
Percentuale di utenti per punteggio
Percentile per numero di risposta
I tuoi punteggi nel tempo
Non hai fatto questo quiz